| 000 | 00907nmc a2200325 a 4500 | ||
|---|---|---|---|
| 003 | AR-BaBNM | ||
| 005 | 20251128205007.0 | ||
| 008 | 011101s1994 ||||||||||||||000 | spa|| | ||
| 020 | _a84-493-0068-1 | ||
| 040 | _cAR-BaBNM | ||
| 100 | 1 | _aCalvo Andrés, José María | |
| 245 | 1 | 0 | _aEducación y filosofía en el aula |
| 250 | _a1ª ed. | ||
| 260 |
_aBarcelona _bPaidós _c1994 |
||
| 300 | 0 |
_a123 p. _btablas |
|
| 490 | 0 |
_aPapeles de pedagogía _vv. 20 |
|
| 504 | _aBibliografía: p. 123 | ||
| 650 | 4 | _aFILOSOFIA | |
| 650 | 4 | _aFILOSOFIA DE LA EDUCACION | |
| 650 | 4 | _aAPRENDIZAJE MEDIANTE EL DESCUBRIMIENTO | |
| 650 | 4 | _aEVALUACION DEL ALUMNO | |
| 650 | 4 | _aAUTOEVALUACION | |
| 650 | 4 | _aTECNICAS DIDACTICAS | |
| 651 | 4 | _aEspaña | |
| 653 | _aEDUCACION PRIMARIA | ||
| 700 | 1 |
_aLipman, Matthew _eprologuista |
|
| 700 | 1 |
_aSharp, Ann Margaret _eprologuista |
|
| 942 | _cBK | ||
| 998 | _cSILVI | ||
| 999 |
_c9616 _d9616 |
||